000
00257nam a2200097Ia 4500
001
1220015
005
20250827092803.0
008
250824s9999 xx 000 0 und d
245
0
_a
ÇİVİSİ ÇIKMIŞ DÜNYA
_c
AMİN MAALOUF
260
_b
YAPI KREDİ YAYINLARI
999
_c
1220015
_d
1220015